東京都の市の人口増加率Top15 - Statistics

General Stats
  • This quiz has been taken 31 times
  • The average score is 14 of 15
Answer Stats
順位 増加率(%) % Correct
15 0.09 西東京市
100%
3 1.37 小金井市
96%
5 0.99 立川市
96%
7 0.81 調布市
96%
9 0.43 武蔵野市
96%
11 0.29 府中市
96%
13 0.26 東村山市
93%
1 2.42 国分寺市
89%
2 2.02 稲城市
89%
6 0.85 小平市
89%
8 0.66 日野市
89%
4 1.19 昭島市
86%
14 0.18 清瀬市
86%
10 0.31 町田市
82%
12 0.28 三鷹市
79%
No matching quizzes found
Score Distribution
Percent of People with Each Score
Percentile by Number Answered
Your Score History
You have not taken this quiz